[Event "2BLS 2223 Stuttgarter SF - SF Bad Merge"]
[Site "?"]
[Date "2022.11.27"]
[Round "4.7"]
[White "Gasthofer, Alexander"]
[Black "Lorscheid, Gerhard"]
[Result "1/2-1/2"]
[WhiteElo "2408"]
[BlackElo "2112"]
[PlyCount "63"]
[EventDate "2022.??.??"]

1. e4 d6 2. d4 Nf6 3. Nc3 e5 4. Nf3 Nbd7 5. Bc4 Be7 6. a4 O-O 7. O-O c6 8. Re1 h6 9. h3 Re8 10. Ba2 Bf8 11. Be3 exd4 12. Bxd4 c5 13. Be3 Ne5 14. Nxe5 Rxe5 15. Bf4 Re8 16. Qd3 Be6 17. Bc4 Bxc4 18. Qxc4 Qa5 19. Rad1 Re6 20. Qb5 Qb4 21. Qxb4 cxb4 22. Nd5 Rc8 23. Nxb4 Rc4 24. c3 a5 25. Nd5 Rxa4 26. f3 Ra2 27. Nc7 Re7 28. Bxd6 Rd7 29. Bxf8 Kxf8 30. Rxd7 Nxd7 31. Rd1 Nb6 32. b3 1/2-1/2

[Event "2BLS 2223 Stuttgarter SF - SF Bad Merge"]
[Site "?"]
[Date "2022.11.27"]
[Round "4.8"]
[White "Gabriel, Robert"]
[Black "Raps, Johannes"]
[Result "1-0"]
[WhiteElo "2195"]
[BlackElo "2115"]
[PlyCount "121"]
[EventDate "2022.??.??"]

1. d4 d5 2. Nf3 Nf6 3. c4 e6 4. Nc3 Be7 5. Bg5 O-O 6. e3 Nbd7 7. Rc1 c6 8. Bd3 Ng4 9. Bxe7 Qxe7 10. h3 Ngf6 11. O-O dxc4 12. Bxc4 e5 13. Bb3 b6 14. d5 Ba6 15. dxc6 Nc5 16. Re1 Rad8 17. Nd5 Nxd5 18. Bxd5 e4 19. c7 Rd7 20. Nd4 Nd3 21. Qa4 Bc8 22. Nf5 Qf6 23. Bxe4 Nxe1 24. Rxe1 Rd2 25. Qb4 Rd7 26. Rc1 a5 27. Qc3 Qxc3 28. Rxc3 g6 29. Nd4 f5 30. Bc6 Re7 31. Nb5 Kg7 32. Nd6 Rxc7 33. Ne8+ Rxe8 34. Bxe8 Rxc3 35. bxc3 Be6 36. a3 Bc4 37. f4 Kf6 38. Kf2 Ke6 39. e4 fxe4 40. Ke3 Bf1 41. Kf2 Bd3 42. g4 h6 43. h4 Ke7 44. Bc6 Kd6 45. Bb7 Kc5 46. Ke3 Bb5 47. Bxe4 Be8 48. Bd3 Kd5 49. c4+ Kd6 50. Kd4 Bf7 51. Be4 Be8 52. Bd5 Ba4 53. Bf7 Bc2 54. g5 hxg5 55. hxg5 Bf5 56. Bd5 Bd7 57. Ke4 Be8 58. f5 gxf5+ 59. Kxf5 b5 60. g6 bxc4 61. g7 1-0

[Event "2BLS 2223 SC Eppingen - Heilbronner SV"]
[Site "?"]
[Date "2022.11.27"]
[Round "4.1"]
[White "Wenninger, Philipp"]
[Black "Acs, Peter"]
[Result "1/2-1/2"]
[WhiteElo "2382"]
[BlackElo "2577"]
[PlyCount "85"]
[EventDate "2022.??.??"]

1. d4 Nf6 2. c4 c6 3. Nc3 d5 4. Nf3 e6 5. e3 Nbd7 6. Qc2 Bd6 7. b3 O-O 8. Bb2 Re8 9. Be2 b6 10. O-O Bb7 11. Rad1 Qe7 12. e4 Nxe4 13. Nxe4 dxe4 14. Qxe4 Nf6 15. Qh4 c5 16. Rfe1 cxd4 17. Nxd4 Bb4 18. Rf1 Rad8 19. Bf3 Bxf3 20. Nxf3 Rxd1 21. Rxd1 Rd8 22. Rxd8+ Qxd8 23. Qd4 Qc7 24. h3 h6 25. Qe5 Bd6 26. Qc3 Bc5 27. Qd3 Qf4 28. Bd4 Ne4 29. Be3 Bxe3 30. fxe3 Qf5 31. Qd8+ Kh7 32. Qc7 f6 33. Qxa7 Qc5 34. Nd4 Qg5 35. Nxe6 Qxe3+ 36. Kh2 Qg3+ 37. Kg1 Qe1+ 38. Kh2 Qg3+ 39. Kg1 Qe3+ 40. Kh2 Qg3+ 41. Kg1 Qe1+ 42. Kh2 Qg3+ 43. Kg1 1/2-1/2

[Event "2BLS 2223 SC Eppingen - Heilbronner SV"]
[Site "?"]
[Date "2022.11.27"]
[Round "4.2"]
[White "Noe, Christopher"]
[Black "Baenziger, Fabian"]
[Result "1/2-1/2"]
[WhiteElo "2509"]
[BlackElo "2426"]
[PlyCount "61"]
[EventDate "2022.??.??"]

1. Nf3 d5 2. e3 Nf6 3. c4 c6 4. Nc3 e6 5. b3 Bd6 6. Bb2 O-O 7. d4 Nbd7 8. Bd3 e5 9. cxd5 cxd5 10. dxe5 Nxe5 11. Be2 Nxf3+ 12. Bxf3 Be5 13. O-O Be6 14. Na4 Qd6 15. Bxe5 Qxe5 16. Nc5 Ne4 17. Nd3 Qf6 18. Nf4 Rad8 19. Ne2 Ng5 20. Nd4 Rc8 21. Rc1 g6 22. Qd2 h5 23. Rxc8 Rxc8 24. Be2 h4 25. Nxe6 fxe6 26. Bg4 Kg7 27. Qb4 Rc7 28. Qf4 Rc8 29. Qb4 Rc7 30. Qf4 Rc8 31. Qb4 1/2-1/2

[Event "2BLS 2223 SC Eppingen - Heilbronner SV"]
[Site "?"]
[Date "2022.11.27"]
[Round "4.3"]
[White "Stijve, Theo"]
[Black "Hacker, Jonas"]
[Result "1-0"]
[WhiteElo "2363"]
[BlackElo "2462"]
[PlyCount "105"]
[EventDate "2022.??.??"]

1. e4 c5 2. Nf3 e6 3. d4 cxd4 4. Nxd4 a6 5. h3 b6 6. Bd3 Bb7 7. O-O Qc7 8. c4 Nc6 9. Nxc6 Bxc6 10. Nc3 Nf6 11. Qe2 Bd6 12. Nd5 Bxd5 13. cxd5 O-O 14. Bg5 Bf4 15. Bxf6 gxf6 16. Bxa6 Qe5 17. Bc4 Rac8 18. b3 f5 19. g3 Bh6 20. Qh5 Bg7 21. exf5 Qxf5 22. Qxf5 exf5 23. Rae1 f4 24. gxf4 d6 25. Kg2 Bb2 26. a4 Kg7 27. Re7 Bc3 28. Rd1 Rfe8 29. Rb7 Rb8 30. Rxb8 Rxb8 31. Bb5 Rc8 32. Bc6 Kf6 33. Kf3 h6 34. Rc1 Bb2 35. Rc4 Ba3 36. b4 b5 37. axb5 Rb8 38. Ke4 Ke7 39. Kd3 Bb2 40. Re4+ Kf8 41. Kc4 Bf6 42. Kb3 Bh4 43. Re2 Bf6 44. Ka4 Bd4 45. Ka5 Bb6+ 46. Ka6 Bd4 47. Bb7 Re8 48. Rc2 Re1 49. b6 Rb1 50. Kb5 Ke7 51. Bc6 Bc5 52. Rxc5 dxc5 53. b7 1-0

[Event "2BLS 2223 SC Eppingen - Heilbronner SV"]
[Site "?"]
[Date "2022.11.27"]
[Round "4.4"]
[White "Medvegy, Zoltan"]
[Black "Fecker, Noah"]
[Result "0-1"]
[WhiteElo "2525"]
[BlackElo "2371"]
[PlyCount "74"]
[EventDate "2022.??.??"]

1. c4 e6 2. Nc3 d5 3. d4 a6 4. cxd5 exd5 5. Bf4 Nf6 6. e3 c5 7. Nf3 c4 8. Be2 b5 9. a3 Be7 10. Ne5 Bb7 11. h4 Nbd7 12. g4 Nb6 13. f3 O-O 14. Qc2 Ne8 15. g5 Nd6 16. Kf2 a5 17. Rag1 b4 18. Nd1 Qe8 19. Ng4 Kh8 20. h5 f5 21. Ne5 Kg8 22. Qc1 Rc8 23. g6 h6 24. axb4 axb4 25. e4 fxe4 26. Bxh6 exf3 27. Bxf3 Bf6 28. Bxg7 Bxg7 29. h6 Bxe5 30. dxe5 Rxf3+ 31. Kxf3 d4+ 32. Kf2 Bxh1 33. Qf4 Nd5 34. Qxd4 Qf8+ 35. Ke1 Qxh6 36. exd6 Re8+ 37. Kf2 Qh2+ 0-1

[Event "2BLS 2223 SC Eppingen - Heilbronner SV"]
[Site "?"]
[Date "2022.11.27"]
[Round "4.5"]
[White "Zuferi, Enis"]
[Black "Guliyev, Namig"]
[Result "0-1"]
[WhiteElo "2355"]
[BlackElo "2536"]
[PlyCount "62"]
[EventDate "2022.??.??"]

1. d4 d5 2. c4 dxc4 3. e4 Nf6 4. e5 Nd5 5. Bxc4 Bf5 6. Ne2 e6 7. Nbc3 Nb6 8. Bb3 Nc6 9. O-O Qd7 10. Be3 Be7 11. Rc1 Rd8 12. Ng3 Bg6 13. d5 Nxd5 14. Nxd5 exd5 15. f4 f5 16. exf6 gxf6 17. f5 Bf7 18. Nh5 Rg8 19. Nf4 Qxf5 20. Qe2 Qe5 21. Kh1 Rg7 22. Nd3 Qe4 23. Rf4 Qe6 24. Qf2 Ne5 25. Nc5 Bxc5 26. Bxc5 Nd3 27. Qf1 Nxc1 28. Qxc1 Bg6 29. Bd4 Be4 30. Rf2 Kd7 31. Qd2 Rdg8 0-1

[Event "2BLS 2223 SC Eppingen - Heilbronner SV"]
[Site "?"]
[Date "2022.11.27"]
[Round "4.6"]
[White "Juhasz, Armin"]
[Black "Pogan, Nikolas"]
[Result "1/2-1/2"]
[WhiteElo "2389"]
[BlackElo "2249"]
[PlyCount "105"]
[EventDate "2022.??.??"]

1. d4 Nf6 2. c4 e6 3. Nc3 Bb4 4. Qc2 Nc6 5. Nf3 d6 6. Bd2 O-O 7. a3 Bxc3 8. Bxc3 Re8 9. e3 a5 10. Be2 a4 11. h3 e5 12. dxe5 dxe5 13. O-O Qe7 14. Rfd1 Qc5 15. Ng5 h6 16. Ne4 Nxe4 17. Rd5 Qf8 18. Qxe4 f6 19. Rad1 Be6 20. Rb5 Rab8 21. Qc2 Qf7 22. Qxa4 b6 23. c5 Ra8 24. Qe4 Na7 25. Rb4 b5 26. a4 bxa4 27. Rxa4 c6 28. Rda1 Bd5 29. Qh4 Qb7 30. Ba6 Qe7 31. Bd3 Qb7 32. Qb4 Nb5 33. e4 Rxa4 34. Rxa4 Be6 35. Ra5 Rb8 36. Bxb5 cxb5 37. f3 Kh7 38. Kh2 Kg6 39. Ra1 Rd8 40. Qa5 Rc8 41. Bb4 Qd7 42. Qb6 Qc6 43. Ra6 Bd7 44. Qa5 Qc7 45. Qa1 Bc6 46. Ra7 Qd8 47. Qe1 Kh7 48. Qg3 Bd7 49. Ra1 Bc6 50. Qe1 Qd4 51. Rd1 Qxb2 52. Rd6 Qb3 53. Qd2 1/2-1/2

[Event "2BLS 2223 SC Eppingen - Heilbronner SV"]
[Site "?"]
[Date "2022.11.27"]
[Round "4.7"]
[White "Degenhard, Simon"]
[Black "Gibicar, Danijel"]
[Result "1/2-1/2"]
[WhiteElo "2175"]
[BlackElo "2301"]
[PlyCount "65"]
[EventDate "2022.??.??"]

1. e4 e6 2. d4 d5 3. Nc3 dxe4 4. Nxe4 Nd7 5. Nf3 Ngf6 6. Nxf6+ Nxf6 7. Bg5 h6 8. Bh4 Be7 9. Bd3 c5 10. dxc5 Qa5+ 11. Qd2 Qxc5 12. O-O-O O-O 13. Qe2 Qh5 14. Rhg1 Qa5 15. Kb1 Qb6 16. c4 Rd8 17. Ne5 Kf8 18. f4 Nd7 19. Bxe7+ Kxe7 20. Rge1 Nxe5 21. Qxe5 Qd4 22. Qh5 Bd7 23. f5 Rac8 24. Re4 Qc5 25. Qh4+ Kf8 26. Bc2 exf5 27. Red4 Qe7 28. Qxe7+ Kxe7 29. Rxd7+ Rxd7 30. Rxd7+ Kxd7 31. Bxf5+ Kc7 32. Bxc8 Kxc8 33. Kc2 1/2-1/2

[Event "2BLS 2223 SC Eppingen - Heilbronner SV"]
[Site "?"]
[Date "2022.11.27"]
[Round "4.8"]
[White "Cofmann, Veaceslav"]
[Black "Dudek, Richard"]
[Result "1-0"]
[WhiteElo "2211"]
[BlackElo "2229"]
[PlyCount "87"]
[EventDate "2022.??.??"]

1. d4 Nf6 2. c4 e6 3. Nf3 b6 4. g3 Bb7 5. Bg2 Be7 6. O-O O-O 7. Nc3 Ne4 8. Qc2 Nxc3 9. Qxc3 c5 10. Rd1 d6 11. b3 Bf6 12. Bb2 Qe7 13. Qe3 Nc6 14. Rab1 Rfe8 15. Qd2 Rad8 16. e4 g6 17. d5 exd5 18. exd5 Ne5 19. Re1 Qf8 20. Ng5 Bc8 21. Ne4 Bg7 22. f4 Nd7 23. Bxg7 Kxg7 24. Qc3+ Kg8 25. g4 f5 26. gxf5 gxf5 27. Ng3 Qf6 28. Qd3 Nf8 29. Bh3 Ng6 30. Bxf5 Nxf4 31. Qf3 Ng6 32. Rxe8+ Rxe8 33. Rf1 Qd4+ 34. Kh1 Rf8 35. Qe2 Nf4 36. Be6+ Bxe6 37. dxe6 Re8 38. Nf5 Qd3 39. Rg1+ Kh8 40. Qxd3 Nxd3 41. e7 Ne5 42. Rd1 Nf7 43. Re1 Kg8 44. Re6 1-0

[Event "2BLS 2223 SV 1947 Walldorf - SG Speyer-"]
[Site "?"]
[Date "2022.11.27"]
[Round "4.2"]
[White "Gschnitzer, Adrian"]
[Black "Horvath, Adam"]
[Result "1/2-1/2"]
[WhiteElo "2438"]
[BlackElo "2501"]
[PlyCount "88"]
[EventDate "2022.??.??"]

1. e4 c5 2. Nf3 e6 3. d4 cxd4 4. Nxd4 Nc6 5. Nc3 Qc7 6. Qd3 Nf6 7. Ndb5 Qb8 8. Qg3 d6 9. Be3 a6 10. Nd4 Be7 11. O-O-O O-O 12. f4 Bd7 13. Be2 b5 14. e5 dxe5 15. Nxc6 Bxc6 16. fxe5 Ne4 17. Nxe4 Bxe4 18. Bf3 Bxf3 19. gxf3 Rd8 20. Bh6 g6 21. Bg5 Bxg5+ 22. Qxg5 Qc7 23. h4 Rac8 24. Rxd8+ Rxd8 25. h5 Rd5 26. f4 Qc5 27. hxg6 fxg6 28. Qf6 Qe3+ 29. Kb1 Qh3 30. Rc1 Qf5 31. Qe7 Rd4 32. a4 Rxf4 33. axb5 axb5 34. Qe8+ Kg7 35. Qd7+ Qf7 36. Qxb5 h5 37. Rd1 Kh6 38. b3 h4 39. Kb2 Rf2 40. Qb8 h3 41. Qh8+ Qh7 42. Qc8 Qf7 43. Qh8+ Qh7 44. Qc8 Qf7 1/2-1/2

[Event "2BLS 2223 SV 1947 Walldorf - SG Speyer-"]
[Site "?"]
[Date "2022.11.27"]
[Round "4.3"]
[White "Nemeth, Miklos"]
[Black "Muckle, Julius"]
[Result "0-1"]
[WhiteElo "2469"]
[BlackElo "2399"]
[PlyCount "72"]
[EventDate "2022.??.??"]

1. e4 e6 2. Qe2 c5 3. g3 Nc6 4. Bg2 Nge7 5. f4 d5 6. e5 Nf5 7. c3 c4 8. Nf3 Bc5 9. b3 b5 10. b4 Bb6 11. d4 a5 12. bxa5 Bxa5 13. O-O b4 14. g4 Nh4 15. Nxh4 Qxh4 16. Be3 bxc3 17. Na3 Ba6 18. f5 Rb8 19. Nc2 Rb2 20. Rac1 Bb6 21. Qd1 Qe7 22. Qe1 Qa7 23. Kh1 Nxd4 24. Bxd4 Bxd4 25. Rf4 Bc5 26. Qxc3 Qb6 27. g5 exf5 28. Bxd5 O-O 29. Rxf5 Bb7 30. Bxb7 Qxb7+ 31. Qf3 Qa6 32. Ne1 Qxa2 33. Qf4 Rf2 34. Nf3 Qe2 35. h4 Be3 36. Ng1 Rxf4 0-1

[Event "2BLS 2223 SV 1947 Walldorf - SG Speyer-"]
[Site "?"]
[Date "2022.11.27"]
[Round "4.4"]
[White "Faerber, David"]
[Black "Kovacs, Gabor"]
[Result "1/2-1/2"]
[WhiteElo "2363"]
[BlackElo "2413"]
[PlyCount "93"]
[EventDate "2022.??.??"]

1. e4 e5 2. Nf3 Nc6 3. Bb5 a6 4. Ba4 Nf6 5. O-O d6 6. d4 b5 7. dxe5 dxe5 8. Qxd8+ Nxd8 9. Bb3 Bd6 10. Bg5 Bb7 11. Bxf6 gxf6 12. Nc3 c6 13. Nh4 Ne6 14. Nf5 Bc5 15. Ne2 Rd8 16. Rfd1 Bc8 17. c3 O-O 18. Kf1 Rxd1+ 19. Rxd1 Rd8 20. Rxd8+ Nxd8 21. Neg3 Kf8 22. h4 Nb7 23. Bc2 a5 24. Ke2 Nd6 25. Nxd6 Bxd6 26. Nf5 Bxf5 27. exf5 Ke7 28. Be4 Kd7 29. a3 Bf8 30. Bf3 Bh6 31. Kd3 Kd6 32. Bh5 Ke7 33. Bd1 Bc1 34. Kc2 Bh6 35. Kb1 Bd2 36. f3 Be1 37. h5 h6 38. Bb3 c5 39. Bd5 b4 40. Kc2 bxa3 41. bxa3 Ke8 42. g4 Ke7 43. c4 Ke8 44. Kb3 Bd2 45. Ka4 Bc1 46. Kb5 Bxa3 47. Kxa5 {(=)} 1/2-1/2

[Event "2BLS 2223 SV 1947 Walldorf - SG Speyer-"]
[Site "?"]
[Date "2022.11.27"]
[Round "4.5"]
[White "Boguslawski, Oleg"]
[Black "Vonthron, Horst"]
[Result "1/2-1/2"]
[WhiteElo "2374"]
[BlackElo "2356"]
[PlyCount "74"]
[EventDate "2022.??.??"]

1. e4 e5 2. Nf3 Nc6 3. Bb5 a6 4. Ba4 Nf6 5. O-O d6 6. c3 Bg4 7. Re1 Qd7 8. d3 Be7 9. Nbd2 O-O 10. Nf1 b5 11. Bb3 Be6 12. Ng3 Bxb3 13. axb3 Rfe8 14. b4 d5 15. Qe2 h6 16. h3 d4 17. Nf5 Bf8 18. N3h4 Kh7 19. g4 g6 20. Ng3 a5 21. bxa5 dxc3 22. bxc3 Rxa5 23. Rxa5 Nxa5 24. Nf3 Nc6 25. Kh2 b4 26. Bb2 bxc3 27. Bxc3 Bb4 28. Rc1 Bxc3 29. Rxc3 Kg7 30. Qa2 Re6 31. Qc4 Rd6 32. Kg2 Ne8 33. Qc5 Qe6 34. Ne2 Nf6 35. Qc4 Qd7 36. Qc5 Qe6 37. Qc4 Qd7 {(=)} 1/2-1/2

[Event "2BLS 2223 SV 1947 Walldorf - SG Speyer-"]
[Site "?"]
[Date "2022.11.27"]
[Round "4.6"]
[White "Gschnitzer, Oswald"]
[Black "Decuigniere, Tom"]
[Result "0-1"]
[WhiteElo "2348"]
[BlackElo "2325"]
[PlyCount "148"]
[EventDate "2022.??.??"]

1. Nf3 c5 2. c4 g6 3. d4 cxd4 4. Nxd4 Nc6 5. e4 Nf6 6. Nc3 d6 7. Be2 Nxd4 8. Qxd4 Bg7 9. Be3 O-O 10. Qd2 a5 11. f3 a4 12. O-O Qa5 13. Rab1 Be6 14. Rfc1 Rfc8 15. b4 axb3 16. axb3 Qb4 17. Rc2 Nd7 18. Nd5 Qxd2 19. Rxd2 Bxd5 20. exd5 Ra3 21. Kf2 Nc5 22. Bd1 Bc3 23. Rc2 Be5 24. Rd2 Rca8 25. Bc2 Na6 26. f4 Bc3 27. Re2 Nb4 28. Kf3 Ra2 29. Bd1 Ra1 30. Rxa1 Rxa1 31. Bc2 Rf1+ 32. Kg4 f5+ 33. Kh3 Bf6 34. c5 dxc5 35. Bxc5 Nxd5 36. g3 Rf3 37. Kg2 Rc3 38. b4 b6 39. Bf2 Nxb4 40. Ba4 Nd5 41. Bd7 Kg7 42. Be6 Nc7 43. Bxb6 Nxe6 44. Rxe6 Rc2+ 45. Kg1 g5 46. fxg5 Bxg5 47. Bd4+ Kf7 48. Re1 Bf6 49. Bxf6 Kxf6 50. Ra1 e5 51. Ra7 h6 52. Rh7 Kg6 53. Rh8 e4 54. Re8 Kf7 55. Re5 Kf6 56. Re8 h5 57. h3 Re2 58. Kf1 Re3 59. Kf2 Rf3+ 60. Kg2 h4 61. g4 Rg3+ 62. Kf2 Rxh3 63. gxf5 Rf3+ 64. Ke2 Kxf5 65. Rf8+ Kg4 66. Rg8+ Kf4 67. Rf8+ Kg3 68. Rg8+ Kh2 69. Rg4 h3 70. Rxe4 Kg2 71. Rh4 Rg3 72. Rf4 h2 73. Rf2+ Kh3 74. Rf1 Rg1 0-1

[Event "2BLS 2223 SV 1947 Walldorf - SG Speyer-"]
[Site "?"]
[Date "2022.11.27"]
[Round "4.7"]
[White "Philippe, Christophe"]
[Black "Fichter, Fabian"]
[Result "0-1"]
[WhiteElo "2366"]
[BlackElo "2263"]
[PlyCount "78"]
[EventDate "2022.??.??"]

1. d4 d5 2. Nf3 Nf6 3. e3 e6 4. Bd3 Nbd7 5. O-O Bd6 6. c4 dxc4 7. Bxc4 O-O 8. Nc3 c5 9. Qe2 a6 10. a4 h6 11. Rd1 Qe7 12. e4 cxd4 13. Nxd4 Rd8 14. h3 Ne5 15. Bb3 Ng6 16. a5 Bc7 17. Be3 Bd7 18. Bc2 Rac8 19. Nb3 Be5 20. Bb6 Re8 21. Nd4 Bb8 22. g3 Qb4 23. Ba4 Bxa4 24. Rxa4 Qe7 25. Nf3 Nd7 26. Be3 Red8 27. Rad4 Bc7 28. Ra4 Nde5 29. Nxe5 Nxe5 30. Bf4 Rxd1+ 31. Qxd1 Rd8 32. Qe2 Nc6 33. Bxc7 Qxc7 34. Qh5 Rd2 35. b3 Ne5 36. Ne2 g6 37. Qxh6 Rxe2 38. Ra1 Qc5 39. Rf1 Nd3 0-1

[Event "2BLS 2223 SV 1947 Walldorf - SG Speyer-"]
[Site "?"]
[Date "2022.11.27"]
[Round "4.8"]
[White "Hauser, Carlos"]
[Black "Hauck, Heiko"]
[Result "1-0"]
[WhiteElo "2220"]
[BlackElo "2082"]
[PlyCount "55"]
[EventDate "2022.??.??"]

1. d4 d5 2. c4 e6 3. Nc3 f5 4. Bf4 Bd6 5. e3 Nf6 6. Nf3 O-O 7. Bd3 Nc6 8. O-O Ne4 9. Rc1 Bxf4 10. exf4 Ne7 11. Ne5 c6 12. f3 Nf6 13. c5 Nh5 14. Qd2 Rf6 15. g4 Nxf4 16. Qxf4 Ng6 17. Nxg6 Rxg6 18. Kh1 Qh4 19. Qe5 Bd7 20. Rg1 Rf8 21. gxf5 exf5 22. Rxg6 hxg6 23. Ne2 f4 24. Bxg6 Rf6 25. Qh5 Qf2 26. Qh7+ Kf8 27. Qh8+ Ke7 28. Qxg7+ 1-0

[Event "2BLS 2223 SV 1920 Hofheim - SC Ötighei"]
[Site "?"]
[Date "2022.11.27"]
[Round "4.1"]
[White "Bauer, Christian"]
[Black "Bernadskiy, Vitaliy"]
[Result "1/2-1/2"]
[WhiteElo "2615"]
[BlackElo "2615"]
[PlyCount "91"]
[EventDate "2022.??.??"]

1. d4 Nf6 2. Nf3 d5 3. c4 e6 4. Nc3 Nbd7 5. cxd5 exd5 6. Bf4 c6 7. Qc2 Nb6 8. e3 Bd6 9. Bd3 Bg4 10. Bxd6 Qxd6 11. Ne5 Bd7 12. h3 Rc8 13. O-O O-O 14. Rad1 c5 15. Nxd7 Nbxd7 16. dxc5 Rxc5 17. Qa4 a6 18. Rd2 Qe5 19. Qh4 h6 20. Rfd1 Nb6 21. Qb4 Qd6 22. Ne2 Rfc8 23. b3 Qc7 24. Qd4 Qe7 25. Qf4 Qc7 26. Qxc7 R5xc7 27. Bf5 Rd8 28. Rc2 Rxc2 29. Bxc2 g6 30. f3 Rc8 31. Bb1 Kf8 32. Kf2 Ke7 33. g4 Ne8 34. Nf4 Nc7 35. a4 a5 36. h4 g5 37. Ne2 Ne6 38. Bf5 Kf6 39. hxg5+ hxg5 40. Rh1 Nd7 41. Rh6+ Ke7 42. Bxe6 fxe6 43. Rh7+ Kd6 44. Nd4 Rg8 45. Nb5+ Kc6 46. Nd4+ 1/2-1/2

[Event "2BLS 2223 SV 1920 Hofheim - SC Ötighei"]
[Site "?"]
[Date "2022.11.27"]
[Round "4.2"]
[White "Sumets, Andrey"]
[Black "Van den Doel, Erik"]
[Result "1/2-1/2"]
[WhiteElo "2504"]
[BlackElo "2577"]
[PlyCount "57"]
[EventDate "2022.??.??"]

1. d4 d5 2. c4 c6 3. Nc3 Nf6 4. e3 e6 5. Nf3 Nbd7 6. Qc2 Bd6 7. b3 O-O 8. Be2 b6 9. O-O Bb7 10. Bb2 Qe7 11. Rad1 Rad8 12. Rfe1 Rfe8 13. Bf1 Bb4 14. a3 Bxc3 15. Qxc3 c5 16. Nd2 Rc8 17. dxc5 Nxc5 18. f3 e5 19. Qc2 Qe6 20. Rc1 e4 21. fxe4 Ncxe4 22. Nxe4 Nxe4 23. Bd4 Qg6 24. a4 dxc4 25. Bxc4 Bd5 26. Qe2 Bxc4 27. Rxc4 Rxc4 28. Qxc4 h6 29. Rc1 1/2-1/2

[Event "2BLS 2223 SV 1920 Hofheim - SC Ötighei"]
[Site "?"]
[Date "2022.11.27"]
[Round "4.3"]
[White "Lai, Hing Ting"]
[Black "Shneider, Aleksandr"]
[Result "1-0"]
[WhiteElo "2480"]
[BlackElo "2504"]
[PlyCount "71"]
[EventDate "2022.??.??"]

1. d4 d5 2. c4 e6 3. Nc3 Be7 4. cxd5 exd5 5. Bf4 c6 6. e3 Bf5 7. g4 Be6 8. h3 Bd6 9. Bxd6 Qxd6 10. Nf3 Nd7 11. Bd3 Ne7 12. Qc2 h5 13. Rg1 hxg4 14. hxg4 O-O-O 15. O-O-O Kb8 16. Kb1 f6 17. g5 Rh3 18. Nd2 f5 19. Ne2 Rh2 20. Rdf1 c5 21. dxc5 Nxc5 22. Nf3 Rhh8 23. Nf4 Bd7 24. Qc3 g6 25. Qf6 Bc8 26. Rc1 Ne4 27. Qxd6+ Rxd6 28. Ne5 Rh2 29. Rc2 Nc6 30. Nfxg6 Nb4 31. Bxe4 dxe4 32. Rc4 Nd3 33. Nxd3 exd3 34. Ne7 Be6 35. Rf4 d2 36. Rd1 1-0

[Event "2BLS 2223 SV 1920 Hofheim - SC Ötighei"]
[Site "?"]
[Date "2022.11.27"]
[Round "4.4"]
[White "Ginsburg, Gennadi"]
[Black "Laurent-Paoli, Pierre"]
[Result "1/2-1/2"]
[WhiteElo "2394"]
[BlackElo "2490"]
[PlyCount "130"]
[EventDate "2022.??.??"]

1. d4 Nf6 2. Nf3 c5 3. d5 b5 4. a4 b4 5. c4 d6 6. Nbd2 g6 7. b3 Bg7 8. Bb2 O-O 9. g3 e5 10. dxe6 fxe6 11. Bg2 Bb7 12. O-O Qe7 13. Qc2 Nbd7 14. h4 Ng4 15. Bxg7 Kxg7 16. Bh3 Nde5 17. Nxe5 Nxe5 18. Ne4 Nf7 19. Qb2+ e5 20. Bg2 Rad8 21. Rad1 Bxe4 22. Bxe4 g5 23. Kg2 gxh4 24. Rh1 Ng5 25. Rxh4 Qf6 26. f3 Nxe4 27. Rxe4 Qf5 28. Rd5 Qf6 29. Qc2 Kh8 30. Rh4 h6 31. Qc1 Kh7 32. Rd1 Rg8 33. Rdh1 Rg6 34. Qc2 Kg7 35. Qe4 Rf8 36. Rd1 Qe7 37. Rg4 Rff6 38. Rh1 Rxg4 39. Qxg4+ Rg6 40. Qf5 Rg5 41. Qe4 Rg6 42. Rh4 a5 43. Rg4 Rxg4 44. Qxg4+ Kf7 45. e4 Qf6 46. Qd7+ Kg8 47. Qc8+ Kg7 48. Qc7+ Kg6 49. Qxa5 Qg5 50. Qa8 Qd2+ 51. Kh3 Qd1 52. Qg8+ Kf6 53. Qf8+ Kg6 54. Qf5+ Kg7 55. a5 Qxb3 56. Qd7+ Kh8 57. Qxd6 Qxf3 58. Qxe5+ Kh7 59. a6 b3 60. Qe7+ Kg6 61. Qe8+ Kg5 62. Qg8+ Kh5 63. Qd5+ Kg6 64. Qg8+ Kh5 65. Qd5+ Kg6 1/2-1/2

[Event "2BLS 2223 SV 1920 Hofheim - SC Ötighei"]
[Site "?"]
[Date "2022.11.27"]
[Round "4.5"]
[White "Grigoriants, Sergey"]
[Black "Gurevich, Vladimir"]
[Result "1-0"]
[WhiteElo "2550"]
[BlackElo "2456"]
[PlyCount "61"]
[EventDate "2022.??.??"]

1. Nf3 Nf6 2. c4 c5 3. Nc3 e6 4. g3 b6 5. Bg2 Bb7 6. O-O Be7 7. d4 cxd4 8. Qxd4 O-O 9. Rd1 Nc6 10. Qf4 Rc8 11. b3 a6 12. Bb2 d6 13. Rac1 Rc7 14. g4 Nb8 15. g5 Ne8 16. h4 Nd7 17. Qe3 Bc6 18. Bh3 Bxf3 19. exf3 g6 20. f4 Ng7 21. Ne4 Rc6 22. Qd4 e5 23. Qd5 Qc7 24. fxe5 Nxe5 25. f4 Nf3+ 26. Kf2 Nxh4 27. Qd4 f6 28. gxf6 Nhf5 29. Qd5+ Rf7 30. fxe7 Qxe7 31. Nf6+ 1-0

[Event "2BLS 2223 SV 1920 Hofheim - SC Ötighei"]
[Site "?"]
[Date "2022.11.27"]
[Round "4.6"]
[White "Womacka, Mathias"]
[Black "Georgiev, Kiril"]
[Result "0-1"]
[WhiteElo "2413"]
[BlackElo "2543"]
[PlyCount "116"]
[EventDate "2022.??.??"]

1. e4 c5 2. Nf3 d6 3. d4 cxd4 4. Nxd4 Nf6 5. Nc3 Nc6 6. Be2 g6 7. Be3 Bg7 8. O-O O-O 9. Qd2 Bd7 10. Rfd1 Nxd4 11. Bxd4 Bc6 12. f3 Nd7 13. Bxg7 Kxg7 14. a4 Qb6+ 15. Kh1 a5 16. Nb5 Qc5 17. Bf1 Nf6 18. c3 Rfd8 19. Qd4 Qg5 20. Qd2 h6 21. Qxg5 hxg5 22. h3 Nd7 23. Nc7 Rac8 24. Nd5 Kf8 25. Bb5 e6 26. Ne3 Ke7 27. Bxc6 Rxc6 28. Kg1 f5 29. exf5 gxf5 30. Rd4 Ne5 31. h4 f4 32. Nd1 Rg8 33. hxg5 Rc4 34. Rxc4 Nxc4 35. Nf2 Rxg5 36. Nh3 Rf5 37. b4 b6 38. bxa5 bxa5 39. Rb1 Kd7 40. Rb8 Kc7 41. Rg8 Nb6 42. Ng5 Re5 43. Rg7+ Kc6 44. Nf7 Re1+ 45. Kf2 Ra1 46. Nd8+ Kd5 47. Rb7 Nxa4 48. c4+ Kxc4 49. Nxe6 Nc5 50. Nxc5 Ra2+ 51. Kg1 dxc5 52. Rf7 Kd3 53. Rxf4 c4 54. Rf8 c3 55. Rd8+ Ke2 56. Rc8 c2 57. Kh2 Kd2 58. Rd8+ Kc3 0-1

[Event "2BLS 2223 SV 1920 Hofheim - SC Ötighei"]
[Site "?"]
[Date "2022.11.27"]
[Round "4.7"]
[White "Kabos, Tobias"]
[Black "Zude, Arno"]
[Result "1/2-1/2"]
[WhiteElo "2329"]
[BlackElo "2374"]
[PlyCount "67"]
[EventDate "2022.??.??"]

1. e4 e5 2. Nf3 Nc6 3. Bc4 Bc5 4. c3 Nf6 5. d4 exd4 6. e5 d5 7. Bb5 Ne4 8. cxd4 Bb6 9. Nc3 O-O 10. Be3 f5 11. exf6 Nxf6 12. Bxc6 bxc6 13. Ne5 Qd6 14. O-O Ba6 15. Re1 c5 16. dxc5 Bxc5 17. Bxc5 Qxc5 18. Rc1 Qd6 19. b4 Bc4 20. Nxc4 dxc4 21. a3 Rfd8 22. Qe2 Qd3 23. Qa2 c6 24. Na4 Rd4 25. Nc5 Qd2 26. Qxd2 Rxd2 27. Rxc4 Ra2 28. Ne6 Rxa3 29. Rxc6 Re8 30. Kf1 Nd5 31. b5 g6 32. g3 Rb3 33. Rc5 Nc3 34. Rc7 1/2-1/2

[Event "2BLS 2223 SV 1920 Hofheim - SC Ötighei"]
[Site "?"]
[Date "2022.11.27"]
[Round "4.8"]
[White "Weber, Ulrich"]
[Black "Kuehn, Kolja"]
[Result "1-0"]
[WhiteElo "2344"]
[BlackElo "2124"]
[PlyCount "113"]
[EventDate "2022.??.??"]

1. Nf3 d5 2. g3 c5 3. Bg2 Nc6 4. d4 Nf6 5. O-O e6 6. c4 dxc4 7. dxc5 Qxd1 8. Rxd1 Bxc5 9. Nbd2 Bd7 10. Nxc4 Ng4 11. Nd6+ Bxd6 12. Rxd6 Ke7 13. Rd2 Rhd8 14. b3 e5 15. Ba3+ Ke8 16. h3 Nh6 17. Ng5 Bf5 18. Rad1 Bc2 19. Rxd8+ Rxd8 20. Bxc6+ bxc6 21. Rxd8+ Kxd8 22. Bf8 f6 23. Ne6+ Ke8 24. Bc5 Bb1 25. a4 Kd7 26. Nxg7 a5 27. b4 axb4 28. Bxb4 Nf5 29. Nh5 Ke6 30. a5 Nd4 31. a6 Nb5 32. Ba5 c5 33. f3 c4 34. Kf1 Bg6 35. g4 Bxh5 36. gxh5 Kd7 37. e4 Kc6 38. Bd8 c3 39. Ke2 Nd4+ 40. Kd3 c2 41. Kd2 Nxf3+ 42. Kxc2 Ng5 43. Kd3 Nxh3 44. Ke3 Ng5 45. Bxf6 Nf7 46. Kd3 Kb6 47. Kc4 Kxa6 48. Kd5 Kb7 49. Ke6 Nh6 50. Bxe5 Kc6 51. Bf4 Ng4 52. Kf7 Nf2 53. e5 Nd3 54. e6 Nxf4 55. e7 Nxh5 56. e8=Q+ Kb6 57. Qe5 1-0

[Event "2BLS 2223 SF Heidesheim - OSG Baden-Bad"]
[Site "?"]
[Date "2022.11.27"]
[Round "4.2"]
[White "Carow, Johannes"]
[Black "Bellahcene, Bilel"]
[Result "1/2-1/2"]
[WhiteElo "2446"]
[BlackElo "2484"]
[PlyCount "42"]
[EventDate "2022.??.??"]

1. d4 Nf6 2. c4 e6 3. Nc3 Bb4 4. Qc2 b6 5. a3 Bxc3+ 6. Qxc3 Bb7 7. f3 d5 8. Bg5 O-O 9. e3 Nbd7 10. cxd5 exd5 11. Bd3 Re8 12. Ne2 h6 13. Bh4 Qe7 14. Bf2 c5 15. O-O a5 16. Rfe1 Ba6 17. Bxa6 Rxa6 18. Ng3 Qf8 19. e4 dxe4 20. dxc5 Nxc5 21. Bxc5 Qxc5+ 1/2-1/2